Geography of Romania - Statistics

General Stats
  • This quiz has been taken 924 times
  • The average score is 13 of 20
Answer Stats
Question Answer % Correct
What is the capital of Romania? Bucharest
99%
The mouth of what important river in Europe is located in Romania? Danube
98%
What historical region of Romania is commonly associated with vampires in the Anglosphere? Transylvania
96%
In what country is Romanian an official language beside Romania itself? Moldova
93%
What ocean sea does Romania border? Black Sea
92%
What country shares the longest border with Romania? Bulgaria
91%
What is the name of the second-biggest city of Romania? Cluj-Napoca
78%
On what major mountain range is the highest peak of Romania located? Carpathians
72%
What major C city by the that sea is the oldest continuously inhabited city in Romania? Constanța
72%
What castle is commonly known outside Romania as Dracula's Castle? {Bran} Castle
69%
In what historical region starting with W is the capital of Romania located? Wallachia
68%
What is the first language of the majority of the non-Romanian speakers in Romania? Hungarian
63%
On what major peninsula is that region located geographically? Balkans
58%
What is the westernmost major city of Romania? Timișoara
54%
What river makes the entire Romanian border with that country? Prut
48%
What is the second-largest ethnic minority of Romania? Romani
43%
What major Russian city would you reach if you sail 888 km eastward from that city? Sochi
38%
What three-letter river is the longest river that is entirely in Romania? Olt
35%
Northern Romania is home to the largest mammal in Europe. What is its name? European {Bison}
34%
What region along the coast of Romania is divided between Bulgaria and Romania ? Dobruja
19%
No matching quizzes found
Score Distribution
Percent of People with Each Score
Percentile by Number Answered
Your Score History
You have not taken this quiz